[Event "Futurity"]
[Site "Chicago"]
[Date "1982.??.??"]
[Round "2"]
[White "Sprenkle, David"]
[Black "Brasket, Curt J"]
[Result "0-1"]
[WhiteElo "2200"]
[BlackElo "2365"]

1.e4 c5 2.Nc3 e6 3.Nf3 a6 4.d4 cxd4 5.Nxd4 d6 6.f4 Nd7 7.Qf3 Ngf6 8.Be3 e5
9.Nf5 g6 10.Ng3 exf4 11.Qxf4 Ne5 12.Be2 Bg7 13.h3 Be6 14.Rd1 Rc8 15.O-O Qc7
16.Qh4 Nfd7 17.Rf2 h6 18.Bd3 Nb6 19.Nge2 Nbc4 20.Bxc4 Nxc4 21.Bd4 Ne5 22.Nf4 Qd8
23.Qg3 Qg5 24.Qxg5 hxg5 25.Nfd5 f5 26.exf5 gxf5 27.b3 Rh4 28.Bb6 Nd7 29.Nc7+ Rxc7
30.Bxc7 Bxc3 31.Rxd6 Re4 32.Rf3 Bb4 33.Rd1 Re2 34.Bd6 Bxd6 35.Rxd6 Ke7 36.Rd1 Rxc2
37.Rf2 Rc3 38.Kh2 Nf6 39.Re2 Kf7 40.Rde1 Bd5 41.Re3 Rc7 42.R1e2 Be4 43.Rd2 Rc1
44.Ree2 Ke6 45.Rd8 g4 46.hxg4 Nxg4+ 47.Kg3 Rc3+ 48.Kf4 Nf6 49.Rf8 Nd5+ 50.Kg5 Rg3+
51.Kh6 Nf6 52.b4 Ke7 53.Rb8 Kf7  0-1

[Event "CUB-ch"]
[Site "?"]
[Date "1982.??.??"]
[Round "1"]
[White "Vera, Reynaldo"]
[Black "Velez, Nestor"]
[Result "1-0"]
[WhiteElo "2430"]
[BlackElo "2410"]

1.e4 c5 2.Nf3 e6 3.d4 cxd4 4.Nxd4 a6 5.Nc3 d6 6.Be3 Nf6 7.f4 Be7 8.Qf3 Qc7
9.Bd3 Nc6 10.O-O Bd7 11.Qg3 g6 12.Kh1 O-O 13.f5 Kh8 14.Nxc6 Bxc6 15.Bh6 Rg8
16.fxe6 fxe6 17.Qh3 g5 18.e5 g4 19.Qh4 Ne4 20.Qe1 Ng5 21.exd6 Bxd6 22.Bxg5 Rxg5
23.Qxe6 Rg7 24.Rf6 Bxh2 25.Raf1 Rag8 26.Rh6 Be5 27.Rh5 Re7 28.Qf5 g3 29.Re1 Rd8
30.Rxe5 Rf7 31.Qg6 Rd6 32.Qxg3 Rg7 33.Rhg5 Rh6+ 34.Kg1 Qb6+ 35.Re3 Rxg5 36.Qxg5 Re6
37.Nd1  1-0

[Event "New Delhi"]
[Site "Delhi"]
[Date "1982.??.??"]
[Round "5"]
[White "Kupreichik, Viktor D"]
[Black "Ravikumar, Vaidyanathan"]
[Result "1-0"]
[WhiteElo "2530"]
[BlackElo "2395"]

1.e4 c5 2.Nf3 e6 3.d4 cxd4 4.Nxd4 a6 5.Nc3 Qc7 6.Be2 b5 7.f4 Bb7 8.Bf3 Nc6
9.Be3 Nge7 10.Nb3 Ng6 11.Qd2 d6 12.h4 Be7 13.h5 Nf8 14.O-O-O Nd7 15.Qf2 O-O
16.g4 Na5 17.Nxa5 Qxa5 18.Kb1 Rfc8 19.g5 b4 20.Ne2 Rc4 21.Nd4 Rac8 22.g6 fxg6
23.hxg6 h6 24.e5 Bxf3 25.Qxf3 Nf8 26.exd6 Bxd6 27.f5 Qd5 28.f6 Qxf3 29.Nxf3 Bb8
30.f7+ Kh8 31.Rdg1 Nxg6 32.Rxg6  1-0

[Event "Gausdal Young Men"]
[Site "Gausdal"]
[Date "1982.??.??"]
[Round "3"]
[White "Mork, Kjell Arne"]
[Black "Andersen, Oivind"]
[Result "1-0"]
[WhiteElo "2200"]
[BlackElo "2200"]

1.e4 c5 2.Nf3 e6 3.d4 cxd4 4.Nxd4 a6 5.Nc3 Qc7 6.Be2 b5 7.O-O Bb7 8.Re1 d6
9.Bg4 Nc6 10.Nd5 exd5 11.Nxc6 Bxc6 12.exd5+ Be7 13.dxc6 Nf6 14.Bf4 Rd8 15.Bd7+ Rxd7
16.cxd7+ Qxd7 17.Bxd6  1-0

[Event "Gausdal Int"]
[Site "Gausdal"]
[Date "1982.??.??"]
[Round "5"]
[White "Elseth, Roar"]
[Black "Ogaard, Leif"]
[Result "1/2-1/2"]
[WhiteElo "2235"]
[BlackElo "2510"]

1.e4 c5 2.Nf3 e6 3.d4 cxd4 4.Nxd4 a6 5.Nc3 Qc7 6.g3 Bb4 7.Ne2 Nf6 8.Bg2 Be7
9.O-O Nc6 10.a4 O-O 11.Nf4 d6 12.h4 Bd7 13.g4 Rfc8 14.g5 Ne8 15.Nd3 Bf8 16.f4 Ne7
17.Be3 Bc6 18.Qg4 d5 19.f5 exf5 20.exf5 d4 21.Bxd4 Bxg2 22.Qxg2 Qd7 23.Qg4 Rc4
24.Rf4 Nc6 25.Bf2 Rxf4 26.Qxf4 Bd6 27.Qf3 Nc7 28.Re1 Rd8 29.Ne4 Ne8 30.Nec5 Qc8
31.Qe4 Bf8 32.g6 hxg6 33.fxg6 Nd6 34.gxf7+ Nxf7 35.Qe6 Qxe6 36.Rxe6 Bxc5
37.Bxc5 Rd5 38.Re4 Nfe5 39.Nxe5 Nxe5 40.Be3 b5 41.axb5 axb5 42.Kf2 Nc4 43.Bd4 Nd6
44.Rg4 Nf5 45.Bc3 Kh7 46.Kf3 g6 47.Rb4 Kh6 48.Bf6 Kh5 49.c4 Rd6 50.Bg5 Rd3+
51.Kg2  1/2-1/2

[Event "Bundesliga 8182"]
[Site "Germany"]
[Date "1982.??.??"]
[Round "?"]
[White "Lentze, Ingo"]
[Black "Bassler, Markus"]
[Result "0-1"]
[WhiteElo "2315"]
[BlackElo "2235"]

1.e4 c5 2.Nf3 e6 3.d4 cxd4 4.Nxd4 a6 5.Nc3 Qc7 6.Be2 Nf6 7.O-O Be7 8.f4 d6
9.Be3 b5 10.e5 dxe5 11.fxe5 Nfd7 12.Bf3 Bb7 13.Bxb7 Qxb7 14.Qg4 g6 15.Ne4 Nxe5
16.Qf4 Nbd7 17.Nf3 Nc4 18.Bd4 f6 19.Qh4 e5 20.Bc3 O-O 21.Qh3 Qxe4 22.Qe6+ Kh8
23.Qxe7 Qd5 24.Rfd1 Qc5+ 25.Qxc5 Nxc5 26.Bb4 Rfc8 27.Bxc5 Rxc5 28.a4 bxa4
29.b3 Ne3 30.Rd6 Rxc2 31.bxa4 Rxg2+ 32.Kh1 Rf2 33.Nd2 f5 34.Rc1 Rb8 35.a5 Kg7
36.Rd3 f4 37.Ne4 Kh6 38.Rcd1 Rbb2  0-1

[Event "Halle (Women)"]
[Site "Halle"]
[Date "1982.??.??"]
[Round "?"]
[White "Wagner Michel, Annett"]
[Black "Jahn, Constanze"]
[Result "1/2-1/2"]
[WhiteElo "2115"]
[BlackElo "1980"]

1.e4 c5 2.Nf3 e6 3.d4 cxd4 4.Nxd4 a6 5.Nc3 Qc7 6.g3 Nf6 7.Bg2 Be7 8.O-O O-O
9.Be3 Nc6 10.h3 Ne5 11.Bf4 d6 12.a4 Bd7 13.Kh2 Rac8 14.Bc1 Rfd8 15.f4 Nc4
16.g4 e5 17.g5 exd4 18.gxf6 dxc3 19.fxe7 Re8 20.b3 Nd2 21.Bxd2 cxd2 22.Qxd2 Rxe7
23.Rf2 Bc6 24.Qd4 Rce8 25.Rg1 f6 26.Re1 f5 27.Rd1 Bxe4 28.Qxd6 Qxd6 29.Rxd6 Bxg2
30.Kxg2 Kf7 31.Rd3  1/2-1/2

[Event "Hamar op"]
[Site "Hamar"]
[Date "1982.??.??"]
[Round "9"]
[White "Johansen, Svein Age"]
[Black "Heggheim, Bjorn"]
[Result "1-0"]
[WhiteElo "2200"]
[BlackElo "2200"]

1.e4 c5 2.Nf3 e6 3.Nc3 a6 4.d4 cxd4 5.Nxd4 Qc7 6.Be2 Nf6 7.O-O Be7 8.f4 d6
9.a4 Nbd7 10.Be3 b6 11.Bf3 Bb7 12.Qe2 Rc8 13.Rae1 O-O 14.Kh1 Ba8 15.Bg1 Nc5
16.e5 dxe5 17.fxe5 Nfd7 18.Bxa8 Rxa8 19.Rf3 Bh4 20.g3 Be7 21.Bf2 Rfe8 22.Qe3 f6
23.b4 Nxe5 24.bxc5 Bxc5 25.Rf4 Ng6 26.Re4 e5 27.Qf3 Bxd4 28.Bxd4 exd4 29.Rxe8+ Rxe8
30.Rxe8+ Kf7 31.Re1 dxc3 32.Qd5+ Kf8 33.Qa8+  1-0

[Event "Jarvenpaa"]
[Site "Jarvenpaa"]
[Date "1982.??.??"]
[Round "8"]
[White "Schneider, Lars Ake"]
[Black "Farago, Ivan"]
[Result "0-1"]
[WhiteElo "2455"]
[BlackElo "2490"]

1.e4 c5 2.Nf3 e6 3.d4 cxd4 4.Nxd4 a6 5.Nc3 Qc7 6.f4 Bb4 7.Qf3 Ne7 8.Bd2 Nbc6
9.Nxc6 bxc6 10.e5 Nf5 11.Bd3 Bb7 12.Ne4 Be7 13.c3 c5 14.b3 Bh4+ 15.g3 Be7
16.g4 Nh4 17.Qe2 O-O 18.O-O-O a5 19.a4 c4 20.Bxc4 Bd5 21.Bxd5 exd5 22.Ng3 Rab8
23.Kc2 Rb6 24.Be3 Rc6 25.Bd4 Bb4 26.Rd3 Rc8 27.Qd2 Bxc3 28.Bxc3 d4 29.Ne4 dxc3
30.Qd1 Qb6 31.Rxd7 Ng2 32.Qd4 Ne3+ 33.Kc1 Qb8 34.Ng5 h6 35.Nxf7 Qxb3 36.Rd8+ Kh7
37.Qd3+ Rg6  0-1

[Event "Luzern ol (Men)"]
[Site "Luzern"]
[Date "1982.??.??"]
[Round "2"]
[White "Radulov, Ivan"]
[Black "Palacios, Antonio"]
[Result "1-0"]
[WhiteElo "2480"]
[BlackElo "2370"]

1.e4 c5 2.Nf3 e6 3.d4 cxd4 4.Nxd4 a6 5.Nc3 Ne7 6.Be2 Nec6 7.Nb3 b5 8.O-O Be7
9.Bf4 d6 10.Qd2 O-O 11.Rfd1 Ne5 12.a4 bxa4 13.Rxa4 Nbd7 14.Be3 Nf6 15.h3 Nc6
16.Rda1 a5 17.Bb5 Bb7 18.f3 Qc7 19.Bxc6 Bxc6 20.Rxa5 d5 21.Ra7 Qd8 22.exd5 Nxd5
23.Nxd5 Rxa7 24.Rxa7 Bxd5 25.Na5 Bd6 26.c4 Bxf3 27.Ra6 Bc5 28.Qxd8 Bxe3+
29.Kf1 Rxd8 30.gxf3 g5 31.b4 Rd2 32.c5 Rf2+ 33.Ke1 Rxf3 34.Nc4 Bf4 35.b5 Rc3
36.Ra4 Rb3 37.b6 Rb5 38.c6 Kg7 39.Ra5 Rb1+ 40.Kf2 Rb4 41.Rc5  1-0

[Event "Luzern ol (Men)"]
[Site "Luzern"]
[Date "1982.??.??"]
[Round "2"]
[White "Juarez Flores, Carlos A"]
[Black "Jhunjhnuwala, Naresh"]
[Result "1-0"]
[WhiteElo "2280"]
[BlackElo "2265"]

1.e4 c5 2.Nf3 e6 3.d4 cxd4 4.Nxd4 a6 5.Nc3 Qc7 6.Bd3 Nf6 7.O-O d6 8.f4 Be7
9.Kh1 O-O 10.Qf3 Nbd7 11.Be3 Nc5 12.Nb3 Nxd3 13.cxd3 b5 14.Rac1 Qb8 15.Qg3 b4
16.Na4 Bd8 17.e5 Nd5 18.Bd4 Ne7 19.exd6 Nf5 20.Qf2 Nxd6 21.Be5 f6 22.Rxc8 Qxc8
23.Bxd6 Re8 24.Bxb4 Rb8 25.Bc3 Qc6 26.Nac5 Bc7 27.Qf3 Qd6 28.d4 a5 29.Nb7 Qa6
30.N7xa5 Bxa5 31.Nxa5 Rbc8 32.Re1 Qb5 33.Nb7 Qa6 34.a4 Rb8 35.Nc5 Qd6 36.b4 e5
37.fxe5 fxe5 38.dxe5 Qg6 39.Qe4 Qg5 40.e6 Rbd8 41.e7 Rd6 42.h3 Rg6 43.a5 Rxe7
44.Qa8+ Kf7 45.Rf1+ Rf6 46.Bxf6 gxf6 47.Ne4  1-0

[Event "Luzern ol (Men)"]
[Site "Luzern"]
[Date "1982.??.??"]
[Round "2"]
[White "Ostos, Julio"]
[Black "Velikov, Petar"]
[Result "0-1"]
[WhiteElo "2385"]
[BlackElo "2485"]

1.e4 c5 2.Nf3 e6 3.d4 cxd4 4.Nxd4 a6 5.Nc3 Qc7 6.g3 Nc6 7.Bg2 Nf6 8.O-O d6
9.Kh1 Be7 10.f4 Bd7 11.a4 Nxd4 12.Qxd4 Bc6 13.Be3 O-O 14.Rfd1 b5 15.e5 dxe5
16.fxe5 Bxg2+ 17.Kxg2 Qb7+ 18.Kh3 Rad8 19.Qb6 Qf3 20.exf6 Rxd1 21.Rxd1 Bxf6
22.Re1 h6 23.Nd1 Bd8 24.Qd6 g5  0-1

[Event "Luzern ol (Men)"]
[Site "Luzern"]
[Date "1982.??.??"]
[Round "5"]
[White "Liao, Yuan Eu"]
[Black "Yap, Andronico"]
[Result "0-1"]
[WhiteElo "2280"]
[BlackElo "2385"]

1.e4 c5 2.Nf3 e6 3.Nc3 a6 4.d4 cxd4 5.Nxd4 Nc6 6.g3 d6 7.Bg2 Bd7 8.O-O Nf6
9.Re1 Be7 10.Nxc6 Bxc6 11.a4 O-O 12.a5 Nd7 13.Be3 b5 14.axb6 Nxb6 15.Nd5 exd5
16.Bxb6 Qxb6 17.exd5 Be8 18.Rxe7 Qxb2 19.Rb1 Qc3 20.Rb3 Qc5 21.Rbb7 Rc8 22.Be4 Qc3
23.Bf5 Ra8 24.Rec7 Qe5 25.Qf3 a5 26.Bd7 a4 27.Bxe8 Qxe8 28.Re7 Qc8 29.Rb2 Qc4
30.Rbb7 Qc8 31.Rb2 Qa6 32.Kg2 h6 33.Re3 Rfe8 34.Ra3 Re1 35.Qd3 Qxd3 36.cxd3 Ra5
37.Rb4 Rxd5 38.Rbxa4 Rd1 39.Ra8+ Kh7 40.R8a7 Kg6 41.Rb7 R1xd3  0-1

[Event "Luzern ol (Men)"]
[Site "Luzern"]
[Date "1982.??.??"]
[Round "6"]
[White "Salazar, Hernan"]
[Black "Velikov, Petar"]
[Result "0-1"]
[WhiteElo "2390"]
[BlackElo "2485"]

1.e4 c5 2.Nf3 e6 3.d4 cxd4 4.Nxd4 a6 5.Nc3 Qc7 6.Be2 b5 7.O-O Bb7 8.Bd3 Nf6
9.Qe2 d6 10.Kh1 Nbd7 11.f4 Nc5 12.a3 Be7 13.Bd2 O-O 14.b4 Nxd3 15.cxd3 Nd7
16.Rac1 Qd8 17.Nb3 Rc8 18.Rc2 d5 19.e5 d4 20.Nxd4 Nxe5 21.Be3 Ng6 22.f5 Nh4
23.Ne4 Rxc2 24.Qxc2 Bf6 25.fxe6 Bxd4 26.Bg5 fxe6 27.Qe2 Rxf1+ 28.Qxf1 Qxg5
29.Nxg5 Bxg2+ 30.Qxg2 Nxg2 31.Nxe6 Bb2 32.Kxg2 Bxa3 33.Nc7 Bxb4 34.Nxa6 Bd6  0-1

[Event "Luzern ol (Men)"]
[Site "Luzern"]
[Date "1982.??.??"]
[Round "7"]
[White "Messa, Roberto"]
[Black "McKay, Roderick M"]
[Result "1/2-1/2"]
[WhiteElo "2330"]
[BlackElo "2320"]

1.e4 c5 2.Nf3 e6 3.d4 cxd4 4.Nxd4 a6 5.Nc3 d6 6.Be2 Nf6 7.O-O Be7 8.Be3 O-O
9.f4 Qc7 10.a4 Nc6 11.Qe1 e5 12.fxe5 dxe5 13.Nxc6 Qxc6 14.Qg3 Bc5 15.Bxc5 Qxc5+
16.Kh1 Kh8 17.Rxf6 gxf6 18.Qh4 Rg8 19.Qxf6+ Rg7 20.Qd8+  1/2-1/2

[Event "Luzern ol (Men)"]
[Site "Luzern"]
[Date "1982.??.??"]
[Round "10"]
[White "Van Riemsdijk, Herman C"]
[Black "Popov, Luben"]
[Result "1-0"]
[WhiteElo "2370"]
[BlackElo "2435"]

1.e4 c5 2.Nf3 e6 3.d4 cxd4 4.Nxd4 a6 5.Nc3 b5 6.Bd3 Ne7 7.Qe2 Nec6 8.Nb3 d6
9.O-O Nd7 10.Bd2 Be7 11.a4 b4 12.Na2 a5 13.c3 bxc3 14.Bxc3 O-O 15.Bb5 Ndb8
16.Rfd1 e5 17.Nd2 Be6 18.Nc4 Qc7 19.Nc1 Nd4 20.Bxd4 exd4 21.Nb3 Nc6 22.Rac1 Qb7
23.Bxc6 Qxc6 24.Nxd4 Bxc4 25.Nxc6 Bxe2 26.Nxe7+ Kh8 27.Rxd6 Rfe8 28.Rc7 Bg4
29.Nc6 Rxe4 30.f3 Re6 31.Rd8+ Rxd8 32.Nxd8  1-0

[Event "Luzern ol (Men)"]
[Site "Luzern"]
[Date "1982.??.??"]
[Round "11"]
[White "Liang Jinrong"]
[Black "Sunye Neto, Jaime"]
[Result "1/2-1/2"]
[WhiteElo "2385"]
[BlackElo "2500"]

1.e4 c5 2.Nf3 e6 3.d4 cxd4 4.Nxd4 a6 5.Nc3 b5 6.Bd3 Ne7 7.O-O Nec6 8.Nb3 Be7
9.Be3 d6 10.a4 b4 11.Na2 O-O 12.Qe1 Bf6 13.Rb1 a5 14.Bb5 Bb7 15.c3 Na6 16.Rd1 Qc7
17.cxb4 Naxb4 18.Nxb4 Nxb4 19.Rc1 Qd8 20.Nxa5 Qxa5 21.Bd2 Bxb2 22.Bxb4 Qb6
23.Rb1 Be5 24.Kh1 Rfc8 25.Qe2 Bc3 26.f3 Bxb4 27.Rxb4 Rc3 28.Rc4 Rxc4 29.Qxc4 d5
30.exd5 Bxd5 31.Qc3 h6 32.h3 Bb7 33.Rd1 Rc8 34.Qd4 Qc7 35.Qd7 Qb8 36.Qd6 Qa8
37.Qf4 Bd5 38.Rc1 Rxc1+ 39.Qxc1 e5 40.Bd7 e4 41.fxe4 Bxe4 42.Qc8+ Qxc8 43.Bxc8 Kf8
44.Kg1 Ke7 45.Ba6 Kd6 46.Bf1 Kc5 47.a5 f5 48.Kf2 g5  1/2-1/2

[Event "Pamporovo"]
[Site "Pamporovo"]
[Date "1982.??.??"]
[Round "10"]
[White "Tatai, Stefano"]
[Black "Kirov, Nino"]
[Result "1/2-1/2"]
[WhiteElo "2440"]
[BlackElo "2430"]

1.e4 c5 2.Nf3 e6 3.d4 cxd4 4.Nxd4 a6 5.Nc3 Nc6 6.Be2 Qc7 7.O-O Nf6 8.Be3 Bb4
9.Na4 O-O 10.c4 Bd6 11.g3 Be7 12.Nxc6 bxc6 13.e5 Ne8 14.Nb6 Rb8 15.Nxc8 Qxc8
16.Qd4 c5 17.Qc3 Nc7 18.Rad1 Rd8 19.b3 d5 20.exd6 Bxd6 21.Qa5 Ne8 22.Rd2 Qc6
23.Rfd1 Rdc8 24.Bf1 Qb6 25.Qxb6 Rxb6 26.b4 Kf8 27.b5 Be7 28.a4 Rd6 29.Bg2 a5
30.Bc6 Rxd2 31.Rxd2 Nd6 32.Bxc5 Nxc4 33.Bxe7+ Kxe7 34.Rd7+ Kf6 35.Ra7 g5
36.Ra6 Ne5 37.Ba8 Nc4 38.Kf1 Ke5 39.Bf3 f5 40.b6 Rb8 41.Be2 Kd4  1/2-1/2

[Event "Pamporovo"]
[Site "Pamporovo"]
[Date "1982.??.??"]
[Round "10"]
[White "Radev, Nikolai"]
[Black "Ermenkov, Evgenij"]
[Result "1-0"]
[WhiteElo "2350"]
[BlackElo "2460"]

1.e4 c5 2.Nf3 e6 3.d4 cxd4 4.Nxd4 a6 5.Nc3 d6 6.g3 Nf6 7.Bg2 Be7 8.O-O Qc7
9.Re1 O-O 10.h3 Nc6 11.Nxc6 bxc6 12.Na4 Rb8 13.c4 c5 14.b3 Nd7 15.Bb2 Ne5
16.f4 Nc6 17.Qd2 Bb7 18.Rad1 Rbd8 19.Qc1 Rfe8 20.Qa1 Bf8 21.Qc1 Ba8 22.Qd2 Be7
23.Rf1 Bf8 24.Rf2 h6 25.g4 Be7 26.g5 hxg5 27.fxg5 Ne5 28.h4 Rf8 29.Nc3 Bc6
30.Bh3 Rde8 31.Rdf1 Qd8 32.Rg2 f5 33.exf5 Nf3+ 34.Rxf3 Bxf3 35.Rg3 Qa8 36.Qe3 Bh5
37.f6 Bxf6 38.gxf6 Rxf6 39.Ne4 Rg6 40.Rxg6 Bxg6 41.Nxd6 Re7  1-0

[Event "Reykjavik op"]
[Site "Reykjavik"]
[Date "1982.??.??"]
[Round "?"]
[White "Westerinen, Heikki MJ"]
[Black "Jonasson, Benedikt"]
[Result "1-0"]
[WhiteElo "2440"]
[BlackElo "2240"]

1.e4 c5 2.Nf3 e6 3.d4 cxd4 4.Nxd4 a6 5.Nc3 Nc6 6.g3 Nf6 7.Bg2 d6 8.O-O Bd7
9.b3 Qc7 10.Bb2 Be7 11.Nce2 O-O 12.c4 Rac8 13.a4 Rfd8 14.h3 Qb8 15.Qe1 Ne5
16.Rd1 b5 17.cxb5 axb5 18.f4 Ng6 19.a5 b4 20.Kh2 Bb5 21.Rf2 d5 22.f5 Bxe2
23.Rxe2 Nh4 24.exd5 Nxd5 25.fxe6 f6 26.Rd3 Nxg2 27.Rxg2 g6 28.Rgd2 Qa7 29.Qa1 Nc7
30.Nc6 Rxd3 31.Nxe7+ Kf8 32.Rxd3 Qf2+ 33.Kh1 Kxe7 34.Bxf6+ Kf8 35.Rd8+ Rxd8
36.e7+ Kf7 37.exd8=Q Qf3+ 38.Kg1 Qxg3+ 39.Kf1 Qf3+ 40.Ke1 Qe3+ 41.Kd1 Qxb3+
42.Kd2  1-0

[Event "Reykjavik op"]
[Site "Reykjavik"]
[Date "1982.??.??"]
[Round "?"]
[White "Schneider, Lars Ake"]
[Black "Olafsson, Helgi"]
[Result "1/2-1/2"]
[WhiteElo "2435"]
[BlackElo "2430"]

1.e4 c5 2.Nf3 e6 3.d4 cxd4 4.Nxd4 a6 5.Nc3 Nc6 6.f4 Qc7 7.Nf3 b5 8.Bd3 d6
9.O-O Nf6 10.Qe1 Be7 11.e5 Nd7 12.Qg3 g6 13.Kh1 Bb7 14.a4 bxa4 15.exd6 Qxd6
16.Rxa4 Nb4 17.Be4 Bxe4 18.Nxe4 Qc6 19.Nc3 O-O 20.Ne5 Qc7 21.Ne4 a5 22.c3 Nc6
23.Rc4 Ndxe5 24.fxe5 Qxe5 25.Qf3 f5 26.Ng5 Na7 27.Bf4 Qd5 28.Qxd5  1/2-1/2

[Event "DDR-ch (Women) "]
[Site "Salzwedel"]
[Date "1982.??.??"]
[Round "3"]
[White "Wenzel, Sylvia"]
[Black "Jahn, Constanze"]
[Result "1/2-1/2"]
[WhiteElo "1940"]
[BlackElo "2005"]

1.e4 c5 2.Nf3 e6 3.d4 cxd4 4.Nxd4 a6 5.Nc3 Qc7 6.g3 Nf6 7.Bg2 Bb4 8.Ne2 Nc6
9.Bf4 d6 10.a3 Bxc3+ 11.Nxc3 Ne5 12.O-O O-O 13.Qd4 Nh5 14.Rfd1 Nxf4 15.gxf4 Ng6
16.Qxd6 Qxd6 17.Rxd6 Nxf4 18.Bf3 e5 19.Nd5 Nh3+ 20.Kg2 Ng5 21.Ne7+ Kh8  1/2-1/2

[Event "DDR-ch (Women) "]
[Site "Salzwedel"]
[Date "1982.??.??"]
[Round "12"]
[White "Worch, Marion"]
[Black "Jahn, Constanze"]
[Result "1-0"]
[WhiteElo "2210"]
[BlackElo "2005"]

1.e4 c5 2.Nf3 e6 3.d4 cxd4 4.Nxd4 a6 5.Nc3 Qc7 6.Be2 Bb4 7.Qd3 Nf6 8.Bd2 O-O
9.O-O Nc6 10.Nxc6 dxc6 11.Qf3 Bd6 12.Qh3 b5 13.Bd3 e5 14.Qh4 c5 15.Bg5 Nd7
16.Nd5 Qc6 17.Qg3 Re8 18.c4 b4 19.Be2 Bf8 20.Bg4 Kh8 21.Qh4 Nb6 22.Be2 Nxd5
23.exd5 Qg6 24.Bf3 Bd6 25.Rfe1 h6 26.Be3 Bd7 27.Bh5 Qf5 28.g4 Qf3 29.g5 Qf5
30.f3 hxg5 31.Bxg5 Qh3 32.Bxf7+ Qxh4 33.Bxh4 Rf8 34.Bh5 Rf4 35.Re4 Raf8 36.Bg3 Rxe4
37.fxe4 Rf6 38.Re1 Bh3 39.Be2 Kg8 40.Bf1 Bxf1 41.Rxf1 Rxf1+ 42.Kxf1 Kf7 43.Bh4 Kg6
44.h3 Kf7 45.Ke2 Kg6 46.Kf3 Kf7 47.Kg4 Bc7 48.Bg5 Bd6 49.h4 g6 50.h5 Bf8
51.Bd8 Bh6 52.Bc7 Kf6 53.hxg6  1-0

[Event "Sarajevo"]
[Site "Sarajevo"]
[Date "1982.??.??"]
[Round "?"]
[White "Arapovic, Vitomir"]
[Black "Smejkal, Jan"]
[Result "0-1"]
[WhiteElo "2370"]
[BlackElo "2570"]

1.e4 c5 2.Nf3 e6 3.Nc3 a6 4.d4 cxd4 5.Nxd4 Qc7 6.Bd3 Nc6 7.Nb3 b5 8.f4 d6
9.Be3 Nf6 10.Qf3 Bb7 11.O-O Be7 12.a3 O-O 13.Qh3 b4 14.axb4 Nxb4 15.e5 dxe5
16.fxe5 Qxe5 17.Ra5 Bd5 18.Nxd5 exd5 19.Bd4 Qh5 20.Qxh5 Nxh5 21.Be2 Nf6 22.c3 Nc6
23.Bxf6 Bxf6 24.Rxd5 Rfb8 25.Bd1 Rb6 26.Nc5 Rxb2 27.Ne4 Be7 28.Bf3 Rd8 29.c4 Nd4
30.Rd1 Rxd5 31.cxd5 f5 32.d6 Bd8 33.Nc3 Kf7 34.h3 Ke6 35.Nd5 Kd7 36.Kh1 a5
37.Ne3 Rb5 38.Kh2 Rc5  0-1

[Event "Sarajevo"]
[Site "Sarajevo"]
[Date "1982.??.??"]
[Round "?"]
[White "Bistric, Faruk"]
[Black "Marjanovic, Slavoljub"]
[Result "1-0"]
[WhiteElo "2400"]
[BlackElo "2515"]

1.e4 c5 2.Ne2 e6 3.Nbc3 a6 4.d4 cxd4 5.Nxd4 Qc7 6.Bd3 Nc6 7.Nxc6 bxc6 8.O-O d5
9.Qe2 Bb7 10.Kh1 Nf6 11.Bg5 Be7 12.e5 Nd7 13.Bxe7 Kxe7 14.f4 g6 15.Na4 c5
16.c4 d4 17.b3 h5 18.Nb2 a5 19.Rae1 Ra6 20.Bc2 Bc6 21.Qd2 Kf8 22.Nd3 Kg7
23.f5 exf5 24.e6 fxe6 25.Nf4 Nf8 26.Rxe6 Bxg2+ 27.Qxg2 Rxe6 28.Nxe6+ Nxe6
29.Bxf5 Qf7 30.Be4 Qe8 31.Qg3 Rf8 32.Qe5+ Kh7 33.Rxf8 Qxf8 34.Qxh5+ Qh6 35.Bxg6+ Kg7
36.Qe5+ Kxg6 37.Qxe6+ Kh5 38.Qf5+ Qg5 39.Qh3+ Kg6 40.Qe6+ Qf6 41.Qg4+ Kh6  1-0

[Event "Smederevska Palanka"]
[Site "Smederevska Palanka"]
[Date "1982.??.??"]
[Round "13"]
[White "Nikolic, Zivoslav"]
[Black "Smejkal, Jan"]
[Result "1/2-1/2"]
[WhiteElo "2430"]
[BlackElo "2570"]

1.e4 c5 2.Nf3 e6 3.d4 cxd4 4.Nxd4 a6 5.Nc3 Qc7 6.g3 Bb4 7.Ne2 Nf6 8.Bg2 Be7
9.O-O Nc6 10.Nf4 O-O 11.g4 d6 12.g5 Nd7 13.Nh5 g6 14.Ng3 b5 15.f4 Re8 16.Nh1 Bb7
17.Nf2 Bf8 18.Ng4 Bg7 19.Ne2 f5 20.gxf6 Nxf6 21.Nxf6+ Bxf6 22.f5 exf5 23.exf5 Qb6+
24.Kh1 Nd4 25.Nxd4 Bxg2+ 26.Kxg2 Qxd4 27.Qxd4 Bxd4 28.c3 Bc5 29.b4 Bb6 30.fxg6 Re2+
31.Kh1 hxg6 32.Bf4 d5 33.Bg3 Rf8 34.Rfd1 Rf5 35.Re1 Rxe1+ 36.Rxe1 Kf7 37.Kg2 Bd8
38.Be5 Rg5+ 39.Kf3 Rf5+ 40.Kg2 Bb6 41.Bg3  1/2-1/2

[Event "BUL-ch"]
[Site "Sofia"]
[Date "1982.??.??"]
[Round "1"]
[White "Lalev, Dimitar"]
[Black "Velikov, Petar"]
[Result "0-1"]
[WhiteElo "2280"]
[BlackElo "2485"]

1.e4 c5 2.Nf3 e6 3.d4 cxd4 4.Nxd4 a6 5.Nc3 Qc7 6.f4 Bb4 7.Qd3 Nf6 8.e5 Nd5
9.Ne2 d6 10.exd6 Bxd6 11.Nxd5 exd5 12.Qe3+ Be7 13.Qc3 Qd8 14.Be3 Nc6 15.O-O-O O-O
16.Nd4 Bg4 17.Be2 Bxe2 18.Nxe2 Re8 19.Qb3 Bf6 20.Bb6 Qe7 21.Nc3 Bxc3 22.Qxc3 Qe4
23.g3 Nb4 24.Kb1 Rac8 25.Rhe1 Rxc3 26.Rxe4 dxe4 27.bxc3 Nc6 28.Kc1 f5 29.Rd5 g6
30.Kd2 Kf7 31.Ke3 Ke6 32.c4 Nb4 33.Re5+ Kd7 34.Rxe8 Kxe8 35.Bc5 Nxa2 36.Kd2 Kd7
37.c3 Kc6  0-1

[Event "BUL-ch"]
[Site "Sofia"]
[Date "1982.??.??"]
[Round "2"]
[White "Nikolov, Sasho"]
[Black "Kirov, Nino"]
[Result "1/2-1/2"]
[WhiteElo "2335"]
[BlackElo "2440"]

1.e4 c5 2.Nf3 e6 3.d4 cxd4 4.Nxd4 a6 5.Nc3 Qc7 6.g3 Nc6 7.Bg2 d6 8.O-O Be7
9.Be3 Nf6 10.Qe2 O-O 11.a4 Nxd4 12.Bxd4 e5 13.Be3 Be6 14.Rfc1 b6 15.Nd5 Bxd5
16.exd5 Nd7 17.a5 bxa5 18.Bd2 Qb7 19.b3 Bd8 20.Bxa5 Bxa5 21.Rxa5 Nc5 22.Rca1 f5
23.Qd2 Rab8 24.Bf1 Qc7 25.Qc3 Qf7 26.Rxc5 dxc5 27.Bc4 Kh8 28.Qxe5 Qf6 29.f4 Rbe8
30.Qxf6 Rxf6 31.Kf2 g6 32.Ra5 Rc8 33.Ke3 Kg7 34.Kd3 Kf8 35.Kc3 Ke7 36.Bd3 Rb6
37.Ra4 Ra8 38.Ra1 a5 39.Re1+ Kd7 40.Bc4 a4 41.bxa4 Rxa4 42.Bb3 Ra5 43.Re5 h6
44.h4 h5 45.Re3 Rb4 46.Re6 Re4 47.Rxg6 c4 48.Kb4 cxb3+ 49.Kxa5 bxc2 50.Rc6 Re3
51.Rxc2 Rxg3 52.Rc6 Rd3 53.Rh6 Rxd5+ 54.Kb4 Rd4+ 55.Kc5 Rxf4 56.Kd5 Rxh4  1/2-1/2

[Event "BUL-ch"]
[Site "Sofia"]
[Date "1982.??.??"]
[Round "5"]
[White "Lalev, Dimitar"]
[Black "Kirov, Nino"]
[Result "1/2-1/2"]
[WhiteElo "2280"]
[BlackElo "2440"]

1.e4 c5 2.Nf3 e6 3.d4 cxd4 4.Nxd4 a6 5.Nc3 Qc7 6.f4 b5 7.Be2 Bb7 8.Bf3 Bc5
9.Be3 Ne7 10.a4 bxa4 11.Rxa4 d5  1/2-1/2

[Event "BUL-ch"]
[Site "Sofia"]
[Date "1982.??.??"]
[Round "10"]
[White "Nikolov, Sasho"]
[Black "Stefanov, Krasimir"]
[Result "0-1"]
[WhiteElo "2335"]
[BlackElo "2300"]

1.Nf3 c5 2.e4 e6 3.d4 cxd4 4.Nxd4 a6 5.Nc3 Qc7 6.Be2 Nf6 7.O-O b5 8.f4 Nc6
9.Nxc6 dxc6 10.e5 Nd5 11.Ne4 Be7 12.c4 bxc4 13.Bxc4 O-O 14.Kh1 a5 15.Qg4 a4
16.Rf3 f6 17.exf6 Nxf6 18.Nxf6+ Bxf6 19.f5 Kh8 20.fxe6 Qe5 21.Re3 Qc5 22.Rb1 Bd4
23.Rf3 Re8 24.b3 Bxe6 25.Bxe6 Qc2 26.Rf1 Qxb1 27.Bf5 Rf8 28.h3 Be5  0-1

[Event "Reti mem"]
[Site "Trnava"]
[Date "1982.??.??"]
[Round "2"]
[White "Franzen, Josef"]
[Black "Honfi, Karoly"]
[Result "0-1"]
[WhiteElo "2370"]
[BlackElo "2390"]

1.e4 c5 2.Nf3 e6 3.d4 cxd4 4.Nxd4 a6 5.Nc3 Qc7 6.g3 Bb4 7.Ne2 Nf6 8.Bg2 d6
9.O-O O-O 10.h3 Nbd7 11.f4 b5 12.e5 dxe5 13.Bxa8 Qa7+ 14.Kh2 Qxa8 15.Be3 Qc6
16.Rf2 Bb7 17.Qf1 exf4 18.Rxf4 Bd6 19.Rf2 b4 20.Nd4 Bxg3+ 21.Kxg3 Qc7+ 22.Kh4 bxc3
23.Qg1 Ne4 24.Raf1 Nxf2 25.Qxf2 cxb2 26.Rg1 Ne5 27.Bf4 Qd8+ 28.Kh5 Ng6  0-1

[Event "Varna"]
[Site "Varna"]
[Date "1982.??.??"]
[Round "3"]
[White "Prandstetter, Eduard"]
[Black "Peev, Peicho Chonev"]
[Result "1/2-1/2"]
[WhiteElo "2410"]
[BlackElo "2370"]

1.e4 c5 2.Nf3 e6 3.d4 cxd4 4.Nxd4 a6 5.Nc3 d6 6.Be2 Nf6 7.O-O Be7 8.f4 O-O
9.Be3 Nbd7 10.a4 Qc7 11.Bf3 Nb6 12.Qd3 Nc4 13.Bc1 Rd8 14.Kh1 e5 15.Nf5 Bxf5
16.exf5 exf4 17.Nd5 Nxd5 18.Bxd5 Rac8 19.c3 Bg5 20.g3 Re8 21.h4 Bf6 22.Rxf4 Re1+
23.Kg2 Ne3+ 24.Kf2 Nxd5 25.Kxe1 Nxf4 26.Bxf4 Qb6 27.Rb1 Re8+ 28.Kf1 Qc6 29.Kg1 Qxa4
30.Rf1 Qb3 31.Rf2 d5 32.Re2 Qb6+ 33.Kh2 Rxe2+ 34.Qxe2 Qc6 35.Bg5 Qb5 36.Qxb5 axb5
37.Bxf6 gxf6 38.b4 Kf8 39.g4 Ke7 40.Kg3 Kd6 41.Kf4 h6 42.Kf3 d4 43.cxd4 Kd5
44.Ke3 Kc4  1/2-1/2

[Event "Varna"]
[Site "Varna"]
[Date "1982.??.??"]
[Round "7"]
[White "Prandstetter, Eduard"]
[Black "Stefanov, Parik"]
[Result "1-0"]
[WhiteElo "2410"]
[BlackElo "2350"]

1.e4 c5 2.Nf3 e6 3.d4 cxd4 4.Nxd4 a6 5.Nc3 Qc7 6.Bd3 Nf6 7.f4 d6 8.Be3 h5
9.f5 Ng4 10.Bg1 Be7 11.Be2 Nf6 12.Qd3 b5 13.fxe6 fxe6 14.a3 Bd7 15.Qg3 Nc6
16.Nxc6 Bxc6 17.Qg6+ Kf8 18.Bd4 Rh6 19.Qg3 h4 20.Qf2 Kg8 21.Bf3 Rf8 22.Qe2 Nd7
23.Be3 Rg6 24.Bh5 Rgf6 25.g4 Ne5 26.g5 Nf3+ 27.Kd1 Nxg5 28.Bxg5 Rf2 29.Qg4 Rf1+
30.Rxf1 Rxf1+ 31.Ke2 Rxa1 32.Qxe6+ Kh8 33.Qxe7 Bd7 34.Qf8+ Kh7 35.Bf7 Bg4+
36.Kd2 Qc8 37.Bd8  1-0